Women in ministry/ (Record no. 59371)

MARC details
000 -LEADER
fixed length control field 00404nam a22001577a 4500
008 - FIXED-LENGTH DATA ELEMENTS--GENERAL INFORMATION
fixed length control field 240806b ||||| |||| 00| 0 eng d
020 ## - INTERNATIONAL STANDARD BOOK NUMBER
International Standard Book Number 9966201211
050 ## - LIBRARY OF CONGRESS CALL NUMBER
Classification number BV676
Item number .A53 2004
100 ## - MAIN ENTRY--PERSONAL NAME
Personal name Andrews, Shirley
245 ## - TITLE STATEMENT
Title Women in ministry/
260 ## - PUBLICATION, DISTRIBUTION, ETC. (IMPRINT)
Place of publication, distribution, etc Nairobi
Name of publisher, distributor, etc Evangel publishing House
Date of publication, distribution, etc 2004
300 ## - PHYSICAL DESCRIPTION
Extent 282p;
Dimensions 23 cm
650 ## - SUBJECT ADDED ENTRY--TOPICAL TERM
Topical term or geographic name as entry element Women clergy.
700 ## - ADDED ENTRY--PERSONAL NAME
Personal name Andrews, Bob
942 ## - ADDED ENTRY ELEMENTS (KOHA)
Source of classification or shelving scheme Library of Congress Classification
Item type Book
Holdings
Withdrawn status Lost status Source of classification or shelving scheme Damaged status Not for loan Collection code Home library Current library Shelving location Date acquired Source of acquisition Full call number Barcode Date last seen Copy number Price effective from Koha item type
    Library of Congress Classification     Non-fiction Bishop Okullu Memorial Library (Limuru Campus) Bishop Okullu Memorial Library (Limuru Campus) General Circulation 06/08/2024 Donation BV676 .A53 2004 071906 06/08/2024 1 06/08/2024 Book